Podmienenosť ekonomického rastu modifikáciou veľkosti a štruktúry spotreby, úspor a investícií v podmienkach vstupu SR do Európskej únie

Analýza dvoch nosných súčastí agregátnych výdavkov, a to spotrebných výdavkov domácností a investičných výdavkov firiem. Rôzne teoretické prístupy k spotrebe a úsporám - klasici, neoklasici, J. M. Keynes, moderní ekonómovia. Teoretické prístupy k úsporám a investíciám.

Guardado en:
Detalles Bibliográficos
Autor principal: Rozborilová, Dária
Formato: Capítulo de libro
Lenguaje:eslovaco
Materias:
Etiquetas: Agregar Etiqueta
Sin Etiquetas, Sea el primero en etiquetar este registro!

MARC

LEADER 00000naa$a2200000$$$4500
001 0023038
005 20240502071416.3
041 0 |a slo 
044 |a SK 
245 1 0 |a Podmienenosť ekonomického rastu modifikáciou veľkosti a štruktúry spotreby, úspor a investícií v podmienkach vstupu SR do Európskej únie  |c Dária Rozborilová 
520 |a Analýza dvoch nosných súčastí agregátnych výdavkov, a to spotrebných výdavkov domácností a investičných výdavkov firiem. Rôzne teoretické prístupy k spotrebe a úsporám - klasici, neoklasici, J. M. Keynes, moderní ekonómovia. Teoretické prístupy k úsporám a investíciám. 
610 2 0 |a spotreba 
610 2 0 |a výdavky obyvateľstva 
610 2 0 |a výdavky 
610 2 0 |a investície 
610 2 0 |a úspory 
610 2 0 |a úspory obyvateľstva 
610 2 0 |a teórie ekonomické 
610 2 0 |a rast hospodársky 
610 2 0 |a výkonnosť ekonomiky 
100 1 |a Rozborilová, Dária